|
|
|
|
| LEADER |
00000nam a2200000 a 4500 |
| 001 |
vtls010455903 |
| 003 |
SK-MaSNL |
| 005 |
20260301132841.0 |
| 008 |
240318s2012 xr e 001 0 cze |
| 020 |
|
|
|a 9788026500162
|q (brož.)
|
| 040 |
|
|
|a SNK
|b slo
|c SNK
|e AACR2
|
| 041 |
0 |
|
|a cze
|
| 044 |
|
|
|a xr
|c CZ
|
| 072 |
|
7 |
|a 331
|x Práca
|2 konspekt
|
| 080 |
|
|
|a 331.101.25
|2 2011
|
| 080 |
|
|
|a 331.101.3
|2 2011
|
| 080 |
|
|
|a 159.923
|2 2011
|
| 080 |
|
|
|a 159.913
|2 2011
|
| 080 |
|
|
|a 316.472.4
|2 2011
|
| 080 |
|
|
|a (035)
|2 2011
|
| 100 |
1 |
|
|a Novák, Tomáš,
|d 1946-
|4 aut
|9 316296
|
| 245 |
1 |
0 |
|a Práce jako droga
|b [příručka pro workoholiky a jejich blízké]
|c Tomáš Novák
|
| 250 |
|
|
|a 1. vyd.
|
| 260 |
|
|
|a Brno
|b BizBooks
|c 2012
|
| 300 |
|
|
|a 166 s.
|c 21 cm
|
| 500 |
|
|
|a Bibliogr.: s. 161 ; reg.
|
| 650 |
0 |
7 |
|a workoholizmus
|2 SNKPH
|9 484286
|
| 650 |
0 |
7 |
|a psychológia práce
|2 SNKPH
|9 2347
|
| 650 |
0 |
7 |
|a psychológia osobnosti
|2 SNKPH
|9 3576
|
| 650 |
0 |
7 |
|a psychohygiena
|2 SNKPH
|9 2574
|
| 650 |
0 |
7 |
|a interpersonálne vzťahy
|2 SNKPH
|9 3770
|
| 650 |
0 |
7 |
|a workholizmus
|2 SNKPHeng
|9 2576
|
| 650 |
0 |
7 |
|a Work psychology
|2 SNKPHeng
|9 333297
|
| 650 |
0 |
7 |
|a Psychology of personality
|2 SNKPHeng
|9 317296
|
| 650 |
0 |
7 |
|a Mental hygiene
|2 SNKPHeng
|9 274768
|
| 650 |
0 |
7 |
|a Interpersonal relations
|2 SNKPHeng
|9 278058
|
| 655 |
|
7 |
|a príručky
|2 SNKPH
|9 74364
|
| 655 |
|
7 |
|a Handbooks, manuals, etc.
|2 SNKPHeng
|9 90964
|
| 852 |
|
|
|a Štátna vedecká knižnica v Banskej Bystrici
|
| 919 |
|
|
|a 978-80-265-0016-2
|
| 999 |
|
|
|c 752147
|d 754077
|
| 952 |
|
|
|a SNK
|b SNK
|y VYP
|7 0
|p 17A1056256
|o snkIC 140433
|i snk2012/22792
|8 4
|g 6.70
|0 0
|1 0
|4 0
|d 2012-10-29
|l 0
|r 2026-02-23 23:36:30
|w 2026-02-23
|